[Event "12sen.WM-H Naumburg"]
[Site "Naumburg/Saale(20.10.-03.11.)"]
[Date "2002.10.30"]
[Round "8"]
[White "Donchenko, Anatoli"]
[Black "Asmundsson, Ingvar"]
[Result "1/2-1/2"]
[WhiteElo "2448"]
[BlackElo "2358"]
[PlyCount "94"]
[EventDate "2002.11.??"]

1. d4 d5 2. Nf3 c6 3. c4 Nf6 4. Qc2 g6 5. cxd5 cxd5 6. Bf4 Nc6 7. Nc3 Bg7 8. e3
O-O 9. h3 Bf5 10. Qb3 Na5 11. Qb4 Ne4 12. Rc1 Rc8 13. Be2 Nxc3 14. Rxc3 Rxc3
15. Qxc3 Nc6 16. O-O Qb6 17. g4 Be6 18. Rc1 Rc8 19. Qd2 Nb4 20. a3 Rxc1+ 21.
Qxc1 Nc6 22. b4 a6 23. Ne1 f6 24. Nd3 Bf7 25. g5 e5 26. gxf6 exf4 27. fxg7 fxe3
28. fxe3 Kxg7 29. Bf3 Qd8 30. Nf4 g5 31. Nd3 Be6 32. Bg2 Qd6 33. Nc5 Bc8 34.
Qe1 b6 35. Na4 Ne7 36. Nb2 Bf5 37. Nd1 Be6 38. Nf2 Ng6 39. Qe2 a5 40. Nd3 Bf5
41. bxa5 Bxd3 42. Qxd3 bxa5 43. Qf5 Qg3 44. Qf3 Qe1+ 45. Kh2 Nh4 46. Qxd5 Qxe3
47. Qxa5 Qf4+ 1/2-1/2

[Event "12sen.WM-H Naumburg"]
[Site "Naumburg/Saale(20.10.-03.11.)"]
[Date "2002.10.30"]
[Round "8"]
[White "Dorawa, Bernhard"]
[Black "Langer, Wolfgang[39Leipz]"]
[Result "1-0"]
[WhiteElo "2148"]
[BlackElo "1813"]
[PlyCount "57"]
[EventDate "2002.11.??"]

1. e4 e6 2. d4 d5 3. Nc3 Bb4 4. e5 c5 5. a3 Bxc3+ 6. bxc3 Ne7 7. Qg4 Qc7 8.
Qxg7 Rg8 9. Qxh7 cxd4 10. Ne2 Nbc6 11. f4 dxc3 12. Qd3 Bd7 13. Nxc3 a6 14. Rb1
Rc8 15. h4 Nf5 16. Rh3 Nce7 17. h5 Bc6 18. h6 Ng6 19. g4 Nfe7 20. Qd4 Bd7 21.
Qb6 Rh8 22. Qxb7 Qxb7 23. Rxb7 d4 24. Ne4 Kd8 25. Nd6 Rxc2 26. Nxf7+ Ke8 27.
Nd6+ Kd8 28. Bd2 Nc6 29. Bd3 1-0

[Event "12sen.WM-H Naumburg"]
[Site "Naumburg/Saale(20.10.-03.11.)"]
[Date "2002.10.30"]
[Round "8"]
[White "Duemmke, Juergen"]
[Black "Koerver, Erich"]
[Result "0-1"]
[WhiteElo "2191"]
[BlackElo "1723"]
[PlyCount "114"]
[EventDate "2002.11.??"]

1. e4 e5 2. d4 exd4 3. Nf3 Nc6 4. Bc4 Be7 5. c3 d6 6. cxd4 Bg4 7. Nc3 Nf6 8.
Be3 a6 9. O-O O-O 10. h3 Bh5 11. Be2 Bg6 12. Nd2 Re8 13. f4 h6 14. f5 Bh7 15.
Bc4 b5 16. Bd3 Nb4 17. Bb1 Nc6 18. Qf3 Na7 19. a3 Bf8 20. Ba2 c5 21. Rad1 Qe7
22. Nd5 Nxd5 23. Bxd5 Rac8 24. Qg3 Kh8 25. dxc5 dxc5 26. Qf2 Rc7 27. Rc1 Nc8
28. Nb3 c4 29. Bf4 Ra7 30. Nd4 Qc5 31. Be3 Rc7 32. Ne6 fxe6 33. Bxe6 Qxe3 34.
Qxe3 Bc5 35. Kf2 Bxe3+ 36. Kxe3 Bg8 37. Bxg8 Kxg8 38. Kf4 Rce7 39. Rfe1 Rd7 40.
Rc2 Rd4 41. Kf3 Nd6 42. Rce2 Kf7 43. g4 Rd3+ 44. Kg2 Re5 45. h4 c3 46. bxc3
Rxc3 47. a4 bxa4 48. g5 hxg5 49. hxg5 a3 50. Re3 Rxe3 51. Rxe3 Ra5 52. g6+ Kf8
53. e5 Nxf5 54. Rf3 a2 55. Rxf5+ Ke8 56. Rf7 a1=Q 57. Rxg7 Qxe5 0-1

[Event "12sen.WM-H Naumburg"]
[Site "Naumburg/Saale(20.10.-03.11.)"]
[Date "2002.10.30"]
[Round "8"]
[White "Ehlert, Joachim"]
[Black "Schlag, Franz"]
[Result "0-1"]
[WhiteElo "1856"]
[BlackElo "2155"]
[PlyCount "70"]
[EventDate "2002.11.??"]

1. e4 Nc6 2. Nf3 f5 3. exf5 d5 4. d4 Bxf5 5. Bd3 Bg4 6. h3 Bh5 7. g4 Bf7 8. Ng5
h6 9. Nxf7 Kxf7 10. Qf3+ Nf6 11. c3 e5 12. Bb5 exd4 13. Bxc6 bxc6 14. cxd4 Bb4+
15. Kf1 Rf8 16. g5 hxg5 17. Bxg5 Kg8 18. Qg2 Qd7 19. a3 Ba5 20. Nd2 Bxd2 21.
Bxd2 c5 22. Kg1 Rab8 23. Bc3 c4 24. f3 Qf5 25. Bb4 Rf7 26. Re1 Qf4 27. Rd1 Nh5
28. Kf2 Qh4+ 29. Kg1 Re8 30. Qg4 Qg3+ 31. Qxg3 Nxg3 32. Rh2 Rxf3 33. Rg2 Ne2+
34. Kh2 Nf4 35. Rg3 Re2+ 0-1

[Event "12sen.WM-H Naumburg"]
[Site "Naumburg/Saale(20.10.-03.11.)"]
[Date "2002.10.30"]
[Round "8"]
[White "Eidam, Horst"]
[Black "Maassen, Hermann"]
[Result "1-0"]
[WhiteElo "1862"]
[BlackElo "1635"]
[PlyCount "59"]
[EventDate "2002.11.??"]

1. c4 Nf6 2. Nc3 g6 3. g3 Bg7 4. Bg2 O-O 5. Nf3 c6 6. d4 d5 7. cxd5 cxd5 8. O-O
Nc6 9. Bf4 Nh5 10. Be3 e6 11. Qd2 Nf6 12. Bh6 Ne4 13. Qc1 f5 14. Bxg7 Kxg7 15.
e3 Bd7 16. Nd2 Na5 17. Ndxe4 fxe4 18. b3 Rc8 19. Qd2 b5 20. Rfc1 Qe7 21. Nxe4
Rxc1+ 22. Rxc1 Nxb3 23. axb3 dxe4 24. Bxe4 Qa3 25. Rc7 Rf7 26. Qc2 b4 27. d5 e5
28. Kg2 Qa1 29. d6 a5 30. Bd5 1-0

[Event "12sen.WM-H Naumburg"]
[Site "Naumburg/Saale(20.10.-03.11.)"]
[Date "2002.10.30"]
[Round "8"]
[White "Fiedler, Eduard"]
[Black "Dahlhaus, Friedhelm"]
[Result "0-1"]
[WhiteElo "1597"]
[BlackElo "2233"]
[PlyCount "60"]
[EventDate "2002.11.??"]

1. e4 e5 2. Bc4 Nf6 3. Nc3 Nc6 4. d3 Bc5 5. Nf3 d6 6. O-O Bg4 7. h3 Bh5 8. Bg5
h6 9. Bxf6 Qxf6 10. Nd5 Qd8 11. c3 O-O 12. b4 Bb6 13. a4 a6 14. a5 Ba7 15. g4
Bg6 16. Kg2 Ne7 17. Ne3 c6 18. Nf5 d5 19. Nxe7+ Qxe7 20. exd5 cxd5 21. Bxd5
Rad8 22. Qb3 h5 23. Be4 hxg4 24. hxg4 Bxe4 25. dxe4 Qf6 26. Rad1 Qf4 27. g5
Qg4+ 28. Kh2 Qxf3 29. Rxd8 Rxd8 30. g6 Qh5+ 0-1

[Event "12sen.WM-H Naumburg"]
[Site "Naumburg/Saale(20.10.-03.11.)"]
[Date "2002.10.30"]
[Round "8"]
[White "Filzmaier, Bruno"]
[Black "Barlo, Werner"]
[Result "1-0"]
[WhiteElo "2012"]
[BlackElo "1675"]
[PlyCount "89"]
[EventDate "2002.11.??"]

1. a3 e5 2. e3 d5 3. d4 exd4 4. exd4 Bd6 5. Bd3 Nc6 6. Nf3 Bg4 7. c3 Nge7 8.
O-O O-O 9. Bg5 h6 10. Bh4 Qd7 11. Nbd2 Nf5 12. Qc2 Nxh4 13. Nxh4 Rae8 14. Rfe1
Rxe1+ 15. Rxe1 Re8 16. Rxe8+ Qxe8 17. h3 Qe1+ 18. Nf1 Be7 19. hxg4 Bxh4 20. g3
Bg5 21. Qb3 b6 22. Qxd5 Qe6 23. Qxe6 fxe6 24. f4 Bf6 25. Bc4 Kf7 26. d5 Na5 27.
dxe6+ Ke7 28. Ba2 c5 29. Ne3 Nb7 30. Kf2 Nd6 31. Kf3 b5 32. f5 Bg5 33. Nd5+ Kd8
34. Nf4 c4 35. Bb1 a5 36. Be4 b4 37. axb4 axb4 38. Bc6 bxc3 39. bxc3 Kc7 40.
Ba4 Nb7 41. Nh5 Bd2 42. Nxg7 Bxc3 43. f6 Nd6 44. e7 Bxf6 45. e8=N+ 1-0

[Event "12sen.WM-H Naumburg"]
[Site "Naumburg/Saale(20.10.-03.11.)"]
[Date "2002.10.30"]
[Round "8"]
[White "Fischer, Paul[37Hiltr]"]
[Black "Scheide, Helmut"]
[Result "0-1"]
[WhiteElo "1766"]
[BlackElo "2014"]
[PlyCount "69"]
[EventDate "2002.11.??"]

1. Nc3 Nf6 2. e4 e5 3. Nf3 Nc6 4. d4 exd4 5. Nxd4 Bb4 6. Nxc6 bxc6 7. Bd2 O-O
8. Bd3 Re8 9. f3 d5 10. O-O dxe4 11. Nxe4 Nxe4 12. fxe4 Qd4+ 13. Kh1 Bxd2 14.
Qxd2 Qxb2 15. Qf4 Be6 16. Rfb1 Qc3 17. Qxc7 c5 18. e5 Bd5 19. Qd7 Qxe5 20. Qh3
g6 21. c4 Bc6 22. Qh4 Rad8 23. Re1 Qc3 24. Rxe8+ Rxe8 25. Rd1 Ba4 26. Bxg6 hxg6
27. Rf1 Bd7 28. h3 Be6 29. Re1 Kg7 30. Rf1 Rh8 31. Qf4 Rh5 32. Rc1 Qb2 33. Rf1
Rf5 34. Qc1 Qxc1 35. Rxc1 0-1

[Event "12sen.WM-H Naumburg"]
[Site "Naumburg/Saale(20.10.-03.11.)"]
[Date "2002.10.30"]
[Round "8"]
[White "Flores_Escuin, Sadurni"]
[Black "Olsen, Willy"]
[Result "1-0"]
[WhiteElo "2078"]
[BlackElo "1842"]
[PlyCount "109"]
[EventDate "2002.11.??"]

1. e4 c5 2. Nf3 Nc6 3. d4 cxd4 4. Nxd4 Nf6 5. Nc3 d6 6. Be2 e6 7. Be3 Be7 8.
Qd2 a6 9. O-O-O Qc7 10. f4 O-O 11. g4 Bd7 12. g5 Ne8 13. f5 b5 14. Rhf1 b4 15.
Nb1 Rc8 16. fxe6 fxe6 17. Rxf8+ Kxf8 18. Rf1+ Kg8 19. Nxc6 Qxc6 20. Bd3 d5 21.
e5 Nc7 22. g6 hxg6 23. Bxg6 Rf8 24. Rxf8+ Bxf8 25. Qf2 Be8 26. Bd3 Be7 27. Qg3
d4 28. Bg1 Qh1 29. Nd2 Bh4 30. Qxh4 Qxg1+ 31. Nf1 Bg6 32. Qg3 Qxg3 33. Nxg3
Bxd3 34. cxd3 Kf7 35. Kc2 Nd5 36. Kb3 Ne3 37. Kxb4 Ng4 38. Kc5 Nxe5 39. Kxd4
Nf3+ 40. Kc5 Nxh2 41. Kb6 Nf3 42. Kxa6 Ne5 43. b4 Nxd3 44. a3 Ke7 45. Ne4 Kd7
46. b5 Ne5 47. Ka7 Kc8 48. a4 Nd7 49. b6 Nxb6 50. Kxb6 Kb8 51. a5 g5 52. a6 e5
53. a7+ Ka8 54. Nc5 g4 55. Ne6 1-0

[Event "12sen.WM-H Naumburg"]
[Site "Naumburg/Saale(20.10.-03.11.)"]
[Date "2002.10.30"]
[Round "8"]
[White "Fotland, Hans_Christian"]
[Black "Gerhardt, Peter_Michael"]
[Result "1/2-1/2"]
[WhiteElo "1819"]
[BlackElo "2124"]
[PlyCount "42"]
[EventDate "2002.11.??"]

1. d4 g6 2. c4 Bg7 3. Nc3 d6 4. e4 e6 5. Nf3 Ne7 6. b3 Nd7 7. Bb2 b6 8. Qd2 Bb7
9. Bd3 a5 10. O-O O-O 11. Bc2 d5 12. cxd5 exd5 13. Rfe1 dxe4 14. Bxe4 Bxe4 15.
Nxe4 Nd5 16. Rac1 Re8 17. Nc3 Rxe1+ 18. Rxe1 N7f6 19. Ne5 Nxc3 20. Qxc3 Nd5 21.
Qc4 Qd6 1/2-1/2

[Event "12sen.WM-H Naumburg"]
[Site "Naumburg/Saale(20.10.-03.11.)"]
[Date "2002.10.30"]
[Round "8"]
[White "Franke, Helmut"]
[Black "Bierbach, Utz_Friedrich"]
[Result "1/2-1/2"]
[WhiteElo "1759"]
[BlackElo "2043"]
[PlyCount "153"]
[EventDate "2002.11.??"]

1. e4 c5 2. c4 Nc6 3. Nc3 g6 4. d3 Bg7 5. Nge2 d6 6. h3 e6 7. Be3 Nd4 8. Rb1
Ne7 9. Qd2 Bd7 10. Bg5 h6 11. Be3 Bc6 12. Bf4 g5 13. Bg3 Ng6 14. Nxd4 cxd4 15.
Nb5 e5 16. Be2 a6 17. Na3 O-O 18. O-O Bd7 19. b4 Nf4 20. Bxf4 gxf4 21. Qd1 f5
22. exf5 Rxf5 23. Bg4 Rg5 24. Bxd7 Qxd7 25. Qf3 Kh8 26. Kh2 Re8 27. Rfe1 b5 28.
Rbc1 bxc4 29. Nxc4 Rg8 30. Rg1 Rb8 31. a3 d5 32. Nd2 Re8 33. Rc5 Rd8 34. Rgc1
Rg6 35. Rc7 Qf5 36. R7c6 Rgd6 37. a4 Qd7 38. b5 axb5 39. axb5 Qb7 40. R6c5 Rb6
41. Qg4 Qf7 42. Rc7 Qg6 43. Rc8 Rxc8 44. Rxc8+ Kh7 45. Qxg6+ Rxg6 46. Rc6 e4
47. Rxg6 Kxg6 48. dxe4 dxe4 49. Nxe4 Be5 50. Kg1 Kf7 51. Kf1 Ke6 52. Ke2 Kd5
53. Kd3 Bc7 54. g3 fxg3 55. Nxg3 Kc5 56. Nf5 Kxb5 57. Nxd4+ Kb6 58. Ke4 Bh2 59.
Nf5 h5 60. Ng7 h4 61. Nf5 Kc6 62. Nxh4 Kd6 63. f4 Ke6 64. Kf3 Bg1 65. Kg4 Kf6
66. Nf3 Be3 67. h4 Bc1 68. f5 Be3 69. Ng5 Bc1 70. Nh3 Ke5 71. Ng5 Kf6 72. Ne4+
Ke5 73. Ng3 Kf6 74. Nh5+ Ke5 75. Ng3 Kf6 76. Ne2 Be3 77. Kf3 1/2-1/2

[Event "12sen.WM-H Naumburg"]
[Site "Naumburg/Saale(20.10.-03.11.)"]
[Date "2002.10.30"]
[Round "8"]
[White "Franz, Siegfried"]
[Black "Bodinger, Karl"]
[Result "0-1"]
[WhiteElo "1794"]
[BlackElo "1577"]
[PlyCount "56"]
[EventDate "2002.11.??"]

1. e4 c5 2. Nf3 d6 3. d4 cxd4 4. Nxd4 Nf6 5. Nc3 a6 6. Bc4 Qc7 7. Bb3 b5 8. Qe2
Bd7 9. O-O g6 10. h3 Bg7 11. Be3 Qc8 12. Nd5 Nxd5 13. Bxd5 e5 14. Bxa8 exd4 15.
Bf4 Nc6 16. Bxc6 Qxc6 17. Rac1 b4 18. Qd2 O-O 19. Qxb4 Qxe4 20. Qxd6 Bc6 21. f3
Qe8 22. Rfe1 Qa8 23. Rcd1 Rd8 24. Qa3 h6 25. Be5 Bf8 26. Qd3 Bc5 27. c3 dxc3+
28. Bd4 Rxd4 0-1

[Event "12sen.WM-H Naumburg"]
[Site "Naumburg/Saale(20.10.-03.11.)"]
[Date "2002.10.30"]
[Round "8"]
[White "Fries, Karl_Heinz"]
[Black "Pastowski, Werner"]
[Result "1-0"]
[WhiteElo "1727"]
[BlackElo "1550"]
[PlyCount "71"]
[EventDate "2002.11.??"]

1. e4 c6 2. d4 d5 3. exd5 cxd5 4. c4 e6 5. Nc3 Nf6 6. Bg5 Bb4 7. a3 Bxc3+ 8.
bxc3 O-O 9. Nf3 Qa5 10. Bd3 Qxc3+ 11. Bd2 Qxd3 12. Ng5 dxc4 13. Rc1 b5 14. Rc3
Qxd4 15. Nf3 Qd5 16. Rc2 Bb7 17. O-O Nc6 18. Qc1 Nd4 19. Qd1 Nxc2 20. Qxc2 Qe4
21. Qb2 a6 22. Re1 Qg6 23. Nh4 Qd3 24. Re3 Qd5 25. Rg3 Kh8 26. h3 Rad8 27. Bc3
Rg8 28. Bxf6 c3 29. Qxc3 e5 30. Bxe5 f6 31. Bxf6 Rd7 32. Rg5 Qd1+ 33. Kh2 Qd6+
34. Be5 Qc6 35. Qg3 Qe6 36. Ng6+ 1-0

[Event "12sen.WM-H Naumburg"]
[Site "Naumburg/Saale(20.10.-03.11.)"]
[Date "2002.10.30"]
[Round "8"]
[White "Fronczek, Heinrich"]
[Black "Reznikov, Emmanouil"]
[Result "1-0"]
[WhiteElo "2272"]
[BlackElo "2098"]
[PlyCount "45"]
[EventDate "2002.11.??"]

1. d4 Nf6 2. c4 g6 3. Nc3 Bg7 4. e4 d6 5. f3 O-O 6. Bg5 c6 7. Qd2 e5 8. Nge2
Qa5 9. h4 h5 10. O-O-O b5 11. cxb5 cxb5 12. dxe5 dxe5 13. Bxf6 Bxf6 14. Qd5 Bd7
15. g4 hxg4 16. h5 Re8 17. hxg6 Be6 18. gxf7+ Bxf7 19. Qxa8 Qxa2 20. Qb7 Qa1+
21. Kd2 Qxb2+ 22. Ke1 Be6 23. Nd5 1-0

[Event "12sen.WM-H Naumburg"]
[Site "Naumburg/Saale(20.10.-03.11.)"]
[Date "2002.10.30"]
[Round "8"]
[White "Giering, Helmut"]
[Black "Kelchner, Hans"]
[Result "1/2-1/2"]
[WhiteElo "1714"]
[BlackElo "2149"]
[PlyCount "106"]
[EventDate "2002.11.??"]

1. Nf3 g6 2. g3 Bg7 3. Bg2 e5 4. Nc3 d5 5. d3 Ne7 6. O-O O-O 7. e4 c6 8. Bd2 h6
9. Qc1 Kh7 10. Ne1 f5 11. f4 exf4 12. Bxf4 Be6 13. exd5 Nxd5 14. Nxd5 Bxd5 15.
Bxd5 Qxd5 16. c3 Nd7 17. d4 Rfe8 18. Qd2 Nf6 19. Qg2 Qc4 20. Nf3 Ng4 21. Rfe1
g5 22. Bd2 Qd3 23. h3 Ne3 24. Rxe3 Rxe3 25. Bxe3 Qxe3+ 26. Qf2 Re8 27. Re1
Qxf2+ 28. Kxf2 Rxe1 29. Nxe1 Kg6 30. Kf3 Kf6 31. Nd3 Ke7 32. Ke3 b6 33. c4 a5
34. a4 Kd6 35. b3 h5 36. Ne1 g4 37. hxg4 Bh6+ 38. g5 Bxg5+ 39. Kf3 Ke6 40. Nd3
Kd6 41. Nf4 h4 42. gxh4 Bxh4 43. d5 Bg5 44. dxc6 Kxc6 45. Ne6 Bh6 46. Nd4+ Kc5
47. Nxf5 Bf8 48. Ke4 Kb4 49. Nd4 Bc5 50. Kd5 Kc3 51. Ne6 Bg1 52. c5 bxc5 53.
Nxc5 Kb4 1/2-1/2

[Event "12sen.WM-H Naumburg"]
[Site "Naumburg/Saale(20.10.-03.11.)"]
[Date "2002.10.30"]
[Round "8"]
[White "Gudat, Alfons"]
[Black "Zierott, Gert_ProfDr"]
[Result "1-0"]
[WhiteElo "2054"]
[BlackElo "1740"]
[PlyCount "111"]
[EventDate "2002.11.??"]

1. e4 c5 2. Nf3 Nc6 3. Bb5 Qc7 4. O-O a6 5. Bxc6 Qxc6 6. Re1 d6 7. d4 cxd4 8.
Nxd4 Qc7 9. Nc3 b5 10. a4 e5 11. Nb3 bxa4 12. Rxa4 Bb7 13. Nd5 Qd8 14. Na5 Bxd5
15. exd5 Ne7 16. Be3 f5 17. Bg5 Qd7 18. Rb4 Qc7 19. Nc4 Rb8 20. Rxb8+ Qxb8 21.
Nxe5 dxe5 22. d6 Nc6 23. d7+ Kf7 24. Qd5+ Kg6 25. d8=Q Nxd8 26. Bxd8 h6 27.
Qe6+ Kh7 28. Qxf5+ Kg8 29. Qe6+ Kh7 30. Qf5+ Kg8 31. Ba5 Qxb2 32. h3 Qa2 33.
Rxe5 Qb1+ 34. Re1 Qb7 35. Re8 Qf7 36. Qxf7+ Kxf7 37. Ra8 Rg8 38. Rxa6 Bc5 39.
Rc6 Bd4 40. Bc3 Rd8 41. Kf1 Rd7 42. Bxd4 Rxd4 43. Ke2 Rd5 44. Rc3 h5 45. Rf3+
Ke6 46. c4 Rd4 47. Rc3 Ke5 48. c5 Kd5 49. c6 Re4+ 50. Kf3 Re8 51. c7 Rc8 52.
Kf4 Ke6 53. Kg5 g6 54. Kxg6 Rg8+ 55. Kxh5 Rc8 56. g4 1-0

[Event "12sen.WM-H Naumburg"]
[Site "Naumburg/Saale(20.10.-03.11.)"]
[Date "2002.10.30"]
[Round "8"]
[White "Har_Zahav, Avraham"]
[Black "Kristiansen, Erling"]
[Result "0-1"]
[WhiteElo "2072"]
[BlackElo "2257"]
[PlyCount "88"]
[EventDate "2002.11.??"]

1. e4 e5 2. Nf3 Nc6 3. d4 exd4 4. Nxd4 Bc5 5. Be3 Qf6 6. c3 Nge7 7. Qd2 a6 8.
Nxc6 Bxe3 9. Qxe3 Nxc6 10. Be2 O-O 11. O-O Re8 12. f4 d6 13. Nd2 Qe7 14. Qg3 d5
15. exd5 Qc5+ 16. Qf2 Qxd5 17. Bc4 Qf5 18. Rae1 Bd7 19. Qg3 Rad8 20. Kh1 Be6
21. Bxe6 Rxe6 22. Rxe6 Qxe6 23. f5 Qe2 24. f6 g6 25. Rf2 Qe1+ 26. Nf1 Rd2 27.
Kg1 Rxf2 28. Qxf2 Qxf2+ 29. Kxf2 Ne5 30. Ke3 Ng4+ 31. Kd4 Nxf6 32. Ne3 Kf8 33.
g4 h6 34. h4 Ke7 35. Ke5 Nd7+ 36. Kf4 Ke6 37. h5 gxh5 38. g5 hxg5+ 39. Kxg5 Nf6
40. a4 a5 41. Nc2 Ne4+ 42. Kxh5 Nc5 43. b4 axb4 44. Nxb4 Nxa4 0-1

[Event "12sen.WM-H Naumburg"]
[Site "Naumburg/Saale(20.10.-03.11.)"]
[Date "2002.10.30"]
[Round "8"]
[White "Haupt, Joachim"]
[Black "Beckel, Friedrich"]
[Result "0-1"]
[WhiteElo "1745"]
[BlackElo "2039"]
[PlyCount "70"]
[EventDate "2002.11.??"]

1. c4 e5 2. Nc3 Nf6 3. Nf3 Nc6 4. g3 d5 5. cxd5 Nxd5 6. Bg2 Nb6 7. d3 Be7 8.
O-O O-O 9. a3 a5 10. Be3 Re8 11. Ne4 Nd5 12. Bc5 b6 13. Bxe7 Rxe7 14. Rc1 Bb7
15. Qb3 Nd4 16. Nxd4 exd4 17. Rfe1 c5 18. Nd2 Bc6 19. e4 dxe3 20. fxe3 a4 21.
Qa2 Rc8 22. Nf1 Nf6 23. Bxc6 Rxc6 24. Qc4 Rd6 25. Qxa4 Rxd3 26. Rcd1 Red7 27.
Rxd3 Rxd3 28. Kf2 h5 29. Ke2 Qd5 30. Rd1 c4 31. Rd2 Ne4 32. Rc2 b5 33. Qa5
Nxg3+ 34. Kf2 Nxf1 35. Kxf1 Qh1+ 0-1

[Event "12sen.WM-H Naumburg"]
[Site "Naumburg/Saale(20.10.-03.11.)"]
[Date "2002.10.30"]
[Round "8"]
[White "Hecht, Hans_Joachim"]
[Black "Goy, Udo"]
[Result "1/2-1/2"]
[WhiteElo "2390"]
[BlackElo "2197"]
[PlyCount "51"]
[EventDate "2002.11.??"]

1. d4 c5 2. d5 g6 3. e4 d6 4. Nc3 Bg7 5. Nf3 Nf6 6. Be2 O-O 7. O-O e5 8. Nd2
Ne8 9. Nc4 f5 10. exf5 gxf5 11. f4 Nd7 12. a4 e4 13. Ne3 Ndf6 14. a5 Nc7 15.
Nb5 Rf7 16. Bd2 Nxb5 17. Bxb5 Ng4 18. Nxg4 fxg4 19. c3 Bf5 20. Be3 Bf6 21. Qd2
Rg7 22. Ra2 Rc8 23. Rc1 Qf8 24. Bf1 Rgc7 25. b3 Kh8 26. Rac2 1/2-1/2

[Event "12sen.WM-H Naumburg"]
[Site "Naumburg/Saale(20.10.-03.11.)"]
[Date "2002.10.30"]
[Round "8"]
[White "Hobusch, Werner"]
[Black "Achenbach, Manfred"]
[Result "1-0"]
[WhiteElo "2160"]
[BlackElo "2040"]
[PlyCount "89"]
[EventDate "2002.11.??"]

1. e4 c5 2. Nf3 d6 3. d4 cxd4 4. Nxd4 e5 5. Bb5+ Bd7 6. Bxd7+ Qxd7 7. Nf5 Nf6
8. Nc3 Nc6 9. f3 g6 10. Ne3 Bg7 11. Ned5 Nxd5 12. Nxd5 Qd8 13. O-O O-O 14. Be3
Rc8 15. Qd2 Nd4 16. c3 Ne6 17. Bxa7 Kh8 18. Bb6 Qd7 19. Be3 Rcd8 20. Rad1 f5
21. Bg5 Rde8 22. Bh4 fxe4 23. fxe4 Nc5 24. Qe2 Ne6 25. Nf6 Bxf6 26. Bxf6+ Kg8
27. Bxe5 Rxf1+ 28. Qxf1 Rf8 29. Qc4 b5 30. Qe2 Qa7+ 31. Bd4 Qe7 32. Qxb5 Nf4
33. Be3 Qxe4 34. Bxf4 Qxf4 35. Qd5+ Rf7 36. Qd2 Qc4 37. b3 Qa6 38. h3 Qa7+ 39.
Kh1 Qd7 40. Qd5 Kg7 41. c4 Rf5 42. Qd4+ Kh6 43. Kg1 Qe6 44. Qxd6 Qe4 45. Qd2+
1-0

[Event "12sen.WM-H Naumburg"]
[Site "Naumburg/Saale(20.10.-03.11.)"]
[Date "2002.10.30"]
[Round "8"]
[White "Hoehne, Peter[38Wedd]"]
[Black "Zotin, Vladimir"]
[Result "0-1"]
[WhiteElo "1767"]
[BlackElo "2058"]
[PlyCount "82"]
[EventDate "2002.11.??"]

1. d4 g6 2. Nf3 Nf6 3. Nc3 Bg7 4. e4 d6 5. h3 O-O 6. Bf4 c6 7. Qd2 Qa5 8. Bd3
Nbd7 9. e5 dxe5 10. dxe5 Nh5 11. Bh2 Nxe5 12. Nxe5 Bxe5 13. Bxe5 Qxe5+ 14. Qe2
Qg5 15. g3 Be6 16. Ne4 Qa5+ 17. Qd2 Qb6 18. g4 Ng7 19. O-O-O Bd5 20. Rhe1 Rad8
21. f4 c5 22. Qc3 Bxe4 23. Rxe4 Rd4 24. f5 Qd6 25. Rde1 e6 26. f6 Ne8 27. g5
Nc7 28. Re5 b6 29. b3 Rd8 30. Kb2 Nd5 31. Qd2 Nf4 32. R5e3 Nxd3+ 33. Rxd3 Rxd3
34. cxd3 Qxd3 35. Qxd3 Rxd3 36. h4 Rd4 37. Rh1 h5 38. Kc3 Kf8 39. Rh3 Ke8 40.
a3 a5 41. a4 Kd7 0-1

[Event "12sen.WM-H Naumburg"]
[Site "Naumburg/Saale(20.10.-03.11.)"]
[Date "2002.10.30"]
[Round "8"]
[White "Jahr, Dieter"]
[Black "Kripp, Wolfgang"]
[Result "1-0"]
[WhiteElo "2045"]
[BlackElo "2172"]
[PlyCount "105"]
[EventDate "2002.11.??"]

1. c4 e6 2. Nc3 d5 3. d4 c5 4. cxd5 exd5 5. e3 Nf6 6. Nf3 Nc6 7. Be2 Ne4 8. O-O
Be7 9. dxc5 Nxc3 10. bxc3 Bxc5 11. Nd4 O-O 12. Qc2 Qf6 13. Bb2 Re8 14. Bf3 Bxd4
15. cxd4 Bf5 16. Qd2 Rad8 17. Rac1 Qg6 18. Ba3 Bd3 19. Rfd1 Be4 20. Bxe4 Qxe4
21. Rb1 b6 22. Bb4 Rc8 23. Rbc1 h5 24. a4 h4 25. h3 g5 26. Re1 g4 27. hxg4 Qxg4
28. Bd6 Re6 29. f3 Qh5 30. Bf4 Rce8 31. e4 Rd8 32. exd5 Qxd5 33. Rxe6 fxe6 34.
Qe3 Kf7 35. Bg5 Rd7 36. Qf4+ Kg8 37. Bf6 Rh7 38. Qe4 Qxe4 39. fxe4 Rf7 40. d5
Rxf6 41. Rxc6 Kf7 42. e5 Rg6 43. d6 Ke8 44. Rc7 h3 45. Rxa7 Rxg2+ 46. Kh1 Ra2
47. Re7+ Kd8 48. Rxe6 Rxa4 49. Rh6 Kd7 50. Rh7+ Ke6 51. Re7+ Kf5 52. d7 Rd4 53.
e6 1-0

[Event "12sen.WM-H Naumburg"]
[Site "Naumburg/Saale(20.10.-03.11.)"]
[Date "2002.10.30"]
[Round "8"]
[White "Joch, Horst"]
[Black "Thonig, Manfred"]
[Result "0-1"]
[WhiteElo "1654"]
[BlackElo "1569"]
[PlyCount "90"]
[EventDate "2002.11.??"]

1. e4 g6 2. Bc4 Bg7 3. c3 c6 4. Nf3 d5 5. exd5 cxd5 6. Bb5+ Nc6 7. d4 Bg4 8. h3
Bxf3 9. Qxf3 e6 10. O-O Nf6 11. Re1 O-O 12. Bd3 Nd7 13. Na3 a6 14. Nc2 Qb6 15.
Ne3 Rfe8 16. Qe2 Nf6 17. f4 Rad8 18. Kh2 Nh5 19. Ng4 Qc7 20. g3 f5 21. Ne5 Nf6
22. Qf3 Ne4 23. Bxe4 dxe4 24. Qf2 b5 25. Be3 Ne7 26. Rac1 Nd5 27. c4 bxc4 28.
Rxc4 Qb7 29. Rc2 Nb4 30. Rc4 Bxe5 31. Rxb4 Qxb4 32. fxe5 Rb8 33. Re2 Rec8 34.
a3 Qb3 35. h4 Rc4 36. d5 exd5 37. e6 Re8 38. Bd4 Rxe6 39. Re3 Qc2 40. Re2 Qd3
41. Rd2 Qf3 42. Qe1 Rec6 43. Bc3 f4 44. gxf4 Qxf4+ 45. Kh1 e3 0-1

[Event "12sen.WM-H Naumburg"]
[Site "Naumburg/Saale(20.10.-03.11.)"]
[Date "2002.10.30"]
[Round "8"]
[White "Just, Joachim"]
[Black "Bleher, Walter"]
[Result "1/2-1/2"]
[WhiteElo "2149"]
[BlackElo "1895"]
[PlyCount "98"]
[EventDate "2002.11.??"]

1. e3 Nf6 2. b3 g6 3. Bb2 Bg7 4. f4 d5 5. Nf3 O-O 6. Be2 c5 7. O-O Nc6 8. Ne5
e6 9. Nxc6 bxc6 10. d3 a5 11. a4 Ba6 12. Qe1 Nd7 13. Bxg7 Kxg7 14. Nd2 f5 15.
Qg3 Qf6 16. Nf3 Rab8 17. Qe1 Rb4 18. d4 Bxe2 19. Qxe2 Rfb8 20. Qa6 Qd8 21. dxc5
Qc7 22. Qd3 Kg8 23. Qc3 Qa7 24. Ne5 Nxe5 25. Qxe5 Re4 26. Qc3 Rbb4 27. Rad1 Qg7
28. Qxg7+ Kxg7 29. Rd3 d4 30. Rf3 Kf6 31. g3 e5 32. fxe5+ Kxe5 33. exd4+ Rbxd4
34. c3 Rxd3 35. Rxd3 Re1+ 36. Kf2 Rb1 37. Rd6 Rxb3 38. Rxc6 Rxc3 39. Rc7 Rc2+
40. Ke3 Kd5 41. Rd7+ Ke6 42. Rxh7 Rxc5 43. Kd4 Rc2 44. Rh4 Rd2+ 45. Kc4 Rb2 46.
Rh6 Kf6 47. Rh4 Ke5 48. Rh6 Kf6 49. Rh4 Ke5 1/2-1/2

[Event "12sen.WM-H Naumburg"]
[Site "Naumburg/Saale(20.10.-03.11.)"]
[Date "2002.10.30"]
[Round "8"]
[White "Kachar, Vladimir"]
[Black "Gurgenidze, Bukhuti"]
[Result "1/2-1/2"]
[WhiteElo "2373"]
[BlackElo "2198"]
[PlyCount "51"]
[EventDate "2002.11.??"]

1. c4 e5 2. g3 Nf6 3. Bg2 Nc6 4. Nc3 Bb4 5. Nd5 Bc5 6. e3 O-O 7. Ne2 Re8 8. O-O
Bf8 9. Nec3 Nxd5 10. cxd5 Nb4 11. d3 c5 12. a3 Na6 13. Rb1 d6 14. b3 g6 15. Bb2
Bg7 16. Ne4 f5 17. Nd2 b5 18. Qe2 Nb8 19. a4 Bd7 20. axb5 Bxb5 21. Nc4 a5 22.
Ra1 Bxc4 23. bxc4 Na6 24. Qd2 Nb4 25. Bc3 Qc7 26. e4 1/2-1/2

[Event "12sen.WM-H Naumburg"]
[Site "Naumburg/Saale(20.10.-03.11.)"]
[Date "2002.10.30"]
[Round "8"]
[White "Kaiser, Hans[35BGladb]"]
[Black "Assmann, Hans"]
[Result "1/2-1/2"]
[WhiteElo "1639"]
[BlackElo "1575"]
[PlyCount "38"]
[EventDate "2002.11.??"]

1. d4 Nf6 2. Nc3 c6 3. e4 d6 4. Be2 Nbd7 5. Nf3 e6 6. O-O Be7 7. Be3 O-O 8. a4
a5 9. Qd3 Qc7 10. Ne1 b6 11. Qd2 Bb7 12. Bd3 e5 13. f3 d5 14. exd5 Nxd5 15.
Nxd5 cxd5 16. Kh1 Bf6 17. Bb5 Rad8 18. c3 Bc6 19. Be2 Rfe8 1/2-1/2